00691nam a22001697a 4500003000800000005001700008008004100025040002100066082002000087110001900107245016700126260004800293300002300341500007800364504004000442650003900482BD-DhUL20190203105118.0190203s2010 nyu |||| |||| 00| 0 eng  aBD-DhULcBD-DhUL 222a330.95bNUC aUnited Nations aCommittee on economic, social and cultural rights :bComreport on the forty-second and forty-third sessions (4-22 May 2009, 2-20 November 2009) /cUnited Nations. aNew York ; Geneva :bUnited Nations,c2010. av, 158 p. ;c30 cm a"Economic and social council, official records , 2010, supplement no. 2"  aIncludes bibliographical references 0aEconomic situations and conditions